South Florida SoundCloud Rappers - Statistics

General Stats
  • This quiz has been taken 152 times
  • The average score is 5 of 7
Answer Stats
Hint Answer % Correct
Gucci Gang Lil Pump
99%
Look At Me! XXXTENTACION
97%
Roll in Peace Kodak Black
84%
Clout Cobain Denzel Curry
77%
Catch Me Outside Ski Mask the Slump God
77%
Audi Smokepurpp
75%
Juveniles Wifisfuneral
35%
No matching quizzes found
Score Distribution
Percent of People with Each Score
Percentile by Number Answered
Your Score History
You have not taken this quiz